Estatuto y reglamento interior / Patronato del Museo del Cau Ferrat de Sitges (Fundación Santiago Rusiñol)
Descripción Física:
15 p. ; 16 cm
Materias:
Museu Cau Ferrat (Sitges) -- Estatuts
MARC
| LEADER | 00000nam a2200000Ia 4500 | ||
|---|---|---|---|
| 001 | 18562 | ||
| 008 | 160829s1953 xx 000 0 cat d | ||
| 080 | |a FU-51-23 | ||
| 100 | |a Museu Cau Ferrat (Sitges) |9 30100 | ||
| 245 | |a Estatuto y reglamento interior / Patronato del Museo del Cau Ferrat de Sitges (Fundación Santiago Rusiñol) | ||
| 260 | |a Barcelona : |b Imprenta - Escuela Casa Provincial de Caridad, |c 1953 | ||
| 300 | |a 15 p. ; |c 16 cm | ||
| 590 | |a Prové de Q-934, exp. 16 | ||
| 650 | |a Museu Cau Ferrat (Sitges) |x Estatuts |9 41105 | ||
| 856 | 4 | |u https://media.diba.cat/diba/fitxers/arxiu/fulletons/bib_18562_baixa.pdf |y Accés lliure | |
| 856 | 4 | |u https://media.diba.cat/diba/fitxers/arxiu/fulletons/bib_18562_baixa.pdf |y Accés lliure | |
| 901 | |a Arxiu | ||
| 942 | |n 1 |2 udc | ||
| 952 | |0 0 |1 0 |4 0 |6 FU5123 |7 1 |9 50047 |a Arxiu |b Arxiu |d 2016-12-01 |l 0 |o FU-51-23 |p 18562 |r 2016-12-01 00:00:00 |w 2016-12-01 |y ARXIU | ||
| 999 | |c 53889 |d 53889 | ||
| 900 | |a bib_18562_baixa.pdf | ||